000
003230000a22001450004500
003
MACL
040
_a
MACL
090
_c
35525
_d
35523
100
_a
Gulati,I S
245
_a
Capital Taxation in a developing Economy
260
_b
Orient parerbacks
350
_a
13
650
_a
Public Financial
942
_c
BOOK
_k
336/Gul
999
_c
35154
_d
35154